Kluby - Statystyki

Ogólne statystyki
  • Ten quiz został rozwiązany 17 razy
  • Średni wynik to 48 z 80
Statystyki odpowiedzi
Obrazkowy Odpowiedź % Poprawnych
AC Milan
100%
Ajax
100%
Arsenal
100%
Atletico Madryt
100%
Inter
100%
Jagiellonia Białystok
100%
Juventus
100%
Manchester City
100%
Manchester United
100%
PSG
100%
Real Madryt
100%
Roma
100%
Tottenham
100%
Barcelona
93%
Bayern Monachium
93%
Benfica
93%
Borussia Dortmund
93%
Chelsea
93%
Feyenoord
93%
Liverpool
93%
Napoli
93%
Sporting
93%
Porto
86%
PSV
86%
Bayer Leverkusen
79%
Bologna
79%
Club Brugge
79%
Legia Warszawa
79%
Newcastle United
79%
Dinamo Zagrzeb
71%
Crystal Palace
64%
Eintracht Frankfurt
64%
Hajduk Split
64%
Raków Częstochowa
64%
RB Lipsk
64%
Real Sociedad
64%
Valencia
64%
Villarreal
64%
Lens
57%
Lille
57%
Nottingham Forest
57%
RB Salzburg
57%
Real Betis
57%
AEK Ateny
50%
Atalanta
50%
Crvena Zvezda
50%
Dynamo Kijów
50%
PAOK
50%
anderlecht
43%
Athletic Bilbao
43%
Braga
43%
Celtic
43%
Fiorentina
43%
Galatasaray
43%
Monaco
43%
Olympiakos
43%
Aston Villa
36%
Ferencvaros
36%
Genk
36%
Nicea
36%
Olympique Lyon
36%
Olympique Marsylia
36%
Rangers
36%
Slavia Praga
36%
Slovan Bratysława
36%
Sparta Praga
36%
Sturm Graz
36%
Szachtar Donieck
36%
Basel
29%
Mainz
29%
Rayo Vallecano
29%
royal antwerp
29%
Young Boys
29%
Besiktas
21%
Fenerbahce
21%
Malmo
21%
Stuttgart
21%
Panathinaikos
14%
Viktoria Pilzno
7%
Celta Viga
0%
Nie znaleziono quizów pasujących do podanych kryteriów
Rozkład punktacji
Procent ludzi z każdym wynikiem
Percentyl według liczby udzielonych odpowiedzi
Twoja historia wyników
Nie rozwiązałeś tego quizu